| 000 | 00894nam a2200277 a 4500 | ||
|---|---|---|---|
| 001 | 48166 | ||
| 003 | BD-RjUL | ||
| 005 | 20211209054454.0 | ||
| 008 | 160813s1977 fr af b i000 0 eng | ||
| 020 | _a9231014382 | ||
| 035 | _a(BD-RjUL)48285 | ||
| 040 |
_aDLC _cDLC _dDLC _dBD-RjUL _beng |
||
| 041 | _aeng | ||
| 082 | 0 | 0 |
_a371.91 _bUNI 1977 |
| 110 |
_aUnesco. _9145946 |
||
| 245 | 0 | 0 |
_aIntegration of technical and vocational education into special education : _bAustria, Colombia, Iran, Tunisia / _cUnesco. |
| 260 |
_aParis : _bUnesco, _c1977. |
||
| 300 |
_a220 p., [2] leaves of plates : _bill. ; _c25 cm. |
||
| 500 | _aOn cover: Special education. | ||
| 504 | _aIncludes bibliographies. | ||
| 650 | 0 |
_aChildren with disabilities _xEducation. _9145925 |
|
| 650 | 0 |
_aVocational education. _9145926 |
|
| 650 | 0 |
_aTechnical education. _9145927 |
|
| 942 |
_2ddc _cBK |
||
| 999 |
_c48166 _d48166 |
||